| 000 | 00643nam a22002057a 4500 | ||
|---|---|---|---|
| 008 | 131010b xxu||||| |||| 00| 0 eng d | ||
| 041 | 0 | _aeng | |
| 080 | _a159.9 | ||
| 100 | 1 |
_aKaplan, Abraham, _d1918-1993. |
|
| 245 | 1 | 0 |
_aThe conduct of inquiry; _cAbraham Kaplan |
| 260 |
_aSan Francisco, _bChandler Pub. Co. _c[1964] |
||
| 300 |
_a428 f. : _c23 cm. |
||
| 490 | 1 | _aChandler publications in anthropology and sociology | |
| 500 | _aPreface f. : XV-XVI | ||
| 505 | _aBibliography: p. 411-415. | ||
| 650 | 0 |
_aShkencat shoqërore _xMetodologjia |
|
| 650 | 0 | _aSjellja | |
| 650 | 0 | _aLogjika | |
| 942 |
_2udc _cBK |
||
| 999 |
_c90 _d90 |
||